El horror económico
Salvato in:
| Autore principale: | |
|---|---|
| Natura: | Libro |
| Lingua: | spagnolo |
| Pubblicazione: |
Buenos Aires
Fondo de Cultura Económica
1997
|
| Edizione: | 1a. ed |
| Soggetti: | |
| Tags: |
Aggiungi Tag
Nessun Tag, puoi essere il primo ad aggiungerne!!
|
MARC
| LEADER | 00000nam a2200000 a 4500 | ||
|---|---|---|---|
| 001 | UCH4788 | ||
| 003 | CL-VaPUC | ||
| 008 | 090903e19970400AG |||||||||||||||||spa|d | ||
| 020 | |a 9505572271 | ||
| 082 | 0 | 4 | |a 303.4 |b FOR |2 21 |
| 100 | 0 | |a Forrester, Viviane |e author |9 540732 | |
| 245 | 1 | 3 | |a El horror económico |
| 250 | |a 1a. ed | ||
| 300 | |a 166 p | ||
| 942 | |c BK | ||
| 945 | |d 20090903 00:00:00 |a dcastane | ||
| 260 | |a Buenos Aires |b Fondo de Cultura Económica |c 1997 | ||
| 650 | 0 | |a Sociología |9 255410 | |
| 650 | 0 | |a Cambio social |9 256857 | |
| 650 | 0 | |a Procesos sociales |9 337802 | |
| 650 | 0 | |a Dinámica social |9 334923 | |
| 650 | 7 | |a TRABAJO Y SOCIEDAD |2 CL-VaPUC |9 540733 | |
| 583 | |a last modification |c 20090903 00:00:00 |k Rodrigo Vera | ||
| 999 | |c 336056 |d 336054 | ||
| 952 | |0 0 |1 0 |4 0 |6 303_400000000000000_FOR_1997 |7 0 |8 A |9 426946 |a BIBHIS |b BIBHIS |d 2019-11-22 |i 4595874 |o 303.4 FOR 1997 |p 4595874 |r 2025-01-20 |w 2019-11-22 |y BK |k HIS | ||